00237nam a2200097Ia 4500008004100000100001800041245004300059260001600102260000900118546001200127170619s9999 xx 000 0 und d aParhi- Keshab 0aVLSI Digital Signal Processing Systems bWiley-India c2011 aENGLISH